[Event "WchT Seniors 50"]
[Site "Prague"]
[Date "2020.03.11"]
[Round "6.4"]
[White "Dusper, Zdravko"]
[Black "Grant, Glynis"]
[Result "1/2-1/2"]
[WhiteElo "1490"]
[BlackElo "1249"]
[PlyCount "84"]
[EventDate "2020.03.06"]
[EventType "team-swiss"]
[EventRounds "7"]
[EventCountry "CZE"]
[SourceTitle "CBM 195 Extra"]
[Source "ChessBase"]
[SourceDate "2020.05.31"]
[SourceVersion "1"]
[SourceVersionDate "2020.05.31"]
[SourceQuality "1"]
[WhiteTeam "Germany 50 XII"]
[BlackTeam "Scotland 50 II"]
[WhiteTeamCountry "GER"]
[BlackTeamCountry "SCO"]

1. e4 c5 2. Nf3 d6 3. Bc4 Nf6 4. d3 g6 5. c3 Bg7 6. Nbd2 0-0 7. 0-0 Nc6 8. a3 h6 9. Re1 Bd7 10. Nf1 Rc8 11. Ne3 Na5 12. Ba2 Qc7 13. Qe2 Be6 14. Nd5 Bxd5 15. exd5 Rfe8 16. Bf4 b6 17. Rad1 Qd7 18. Bg3 Qf5 19. Nh4 Qd7 20. Qf3 Nb7 21. h3 Nh7 22. Qe2 Nf6 23. f4 Nd8 24. Qf3 Nh5 25. Bh2 Bf6 26. Qf2 Kh7 27. Re2 Ng7 28. Rde1 Bxh4 29. Qxh4 f6 30. g4 Nf7 31. Qg3 f5 32. c4 e6 33. b3 Re7 34. Qh4 g5 35. fxg5 Nxg5 36. Kg2 Rce8 37. Bf4 Nf7 38. Bb1 e5 39. Bc1 Rg8 40. Kh2 Ne8 41. Qf2 Nf6 42. Rg1 Qe8 1/2-1/2

[Event "WchT Seniors 50"]
[Site "Prague"]
[Date "2020.03.08"]
[Round "3.24"]
[White "Dusper, Zdravko"]
[Black "Paclikova, Jana"]
[Result "1/2-1/2"]
[WhiteElo "1490"]
[BlackElo "1830"]
[PlyCount "70"]
[EventDate "2020.03.06"]
[EventType "team-swiss"]
[EventRounds "7"]
[EventCountry "CZE"]
[SourceTitle "CBM 195 Extra"]
[Source "ChessBase"]
[SourceDate "2020.05.31"]
[SourceVersion "1"]
[SourceVersionDate "2020.05.31"]
[SourceQuality "1"]
[WhiteTeam "Germany 50 XII"]
[BlackTeam "Czech Republic 50 (W) II"]
[WhiteTeamCountry "GER"]
[BlackTeamCountry "CZE"]

1. e4 c5 2. Nf3 d6 3. d4 cxd4 4. Nxd4 Nf6 5. Nc3 e6 6. Bg5 Be7 7. Bb5+ Bd7 8. Bxd7+ Nbxd7 9. 0-0 Nc5 10. Re1 h6 11. Bh4 0-0 12. Kh1 a6 13. f4 e5 14. fxe5 dxe5 15. Nf5 Kh7 16. Qe2 g6 17. Rad1 Ncd7 18. Rxd7 Qxd7 19. Rd1 Qe6 20. Nxe7 g5 21. Bxg5 hxg5 22. Nf5 Rad8 23. Rf1 Kg6 24. Qf3 Rh8 25. Rf2 Rd7 26. g4 Rhd8 27. h4 gxh4 28. Nxh4+ Kg7 29. Nf5+ Kf8 30. g5 Ng8 31. Nd5 Qg6 32. Rg2 Rc8 33. b3 Rc6 34. c4 b5 35. Qd3 bxc4 1/2-1/2